000 00360nam a2200145Ia 4500
005 20250404043544.0
008 240331s9999 xx 000 0 und d
082 _bSIV
_a894
100 _aSivaprakasam, Y
245 0 _aIeentra polithil
260 _aJaffna
_bBharathi Pathippagam
_c1999
300 _aviii, 84 p .,
650 _aSitugathai Thoguthi
942 _cL
999 _c4193
_d4193